POROVNANIE ÚČINKU HEPARÍNU A ATROMIDU-S NA ADHEZIVITU TROMBOCYTOV V POINFARKTOVOM PRIEBEHU

Bibliographic Details
Main Author: Kusá, O. (Author)
Format: Article
Language:Slovak

MARC

LEADER 00000nab a2200000ua 4500
001 vtls010757112
003 SK-MaSNL
005 20260304200732.0
008 250718s1971 xo |||||||||||||||||slo|
035 |a (urnnbn)urn:nbn:sk:snk:ar-a03gke 
035 |a (uuid)2af86386-e3be-412b-ae7f-53fa502bd150 
035 |a urn:nbn:sk:snk-ab59ee 
040 |a SNKBUCL  |b slo  |c SNKBUCL  |e AACR2 
041 0 |a slo 
044 |a xo  |c SK 
100 1 |a Kusá, O.  |4 aut  |9 1120783 
245 1 0 |a POROVNANIE ÚČINKU HEPARÍNU A ATROMIDU-S NA ADHEZIVITU TROMBOCYTOV V POINFARKTOVOM PRIEBEHU  |c O. Kusá 
773 0 |t Bratislavské lekárske listy  |g Roč. 56, č. 5 (1971), s. 630-636 
850 |a Slovenská národná knižnica 
852 |a Slovenská národná knižnica 
954 |a odborná, vedecká literatúra pôvodná (slovenská)  |2 lita 
958 |a article3 
958 |a OND 
958 |a EUIPO 
999 |c 3090576  |d 3092506